000 00261nam a2200097Ia 4500
005 20251222114349.0
008 251222s1900||||xx |||||||||||||| ||spa||
082 _aDVD0040/C87/2007/Ej.2
245 0 _aEl mundo mágico de terabithia:Bridge to terabithia
942 _cDVD
999 _c1182
_d1182